LEADER 01207nam a2200313 i 4500 001 991000596569707536 005 20020503191552.0 008 000420s1998 it ||| | fre 020 $a8879161024$c35000 035 $ab1010107x-39ule_inst 035 $aLE02518889$9ExL 040 $aFac. Economia$bita 082 0 $a448.0024651 245 00$aLectures interactives /$ca cura di Leandro Schena ; schede di Cécile Desoutter, Claudia Zoratti 260 $aMilano :$bLED,$cc1998 300 $a247 p. ;$c25 cm 490 0 $aLingue di oggi [Led] 490 0 $aFrancais des affaires. ;$v1 650 4$aLingua francese $vManuali di corrispondenza commerciale 700 1 $aSchena, Leandro 700 1 $aDesoutter, Cécile 700 1 $aZoratti, Claudia 907 $a.b1010107x$b17-02-17$c27-06-02 912 $a991000596569707536 945 $aLE025 ECO 448 SCH01.01 $g1$i2025000123502$lle025$o-$pE0.00$q-$rl$s- $t0$u1$v2$w1$x0$y.i14556273$z19-09-07 945 $aLE025 ECO 448 SCH01.01 $cV. 1$g2$i2025000070356$lle025$o-$pE0.00$q-$rl$s- $t0$u1$v0$w1$x0$y.i10117611$z27-06-02 996 $aLectures interactives$9197297 997 $aUNISALENTO 998 $ale025$b01-01-00$cm$da $e-$ffre$git $h0$i1 LEADER 02562nas 2200601-a 450 001 9910338732103321 005 20240413021635.0 011 $a1793-6748 035 $a(CKB)974746734005 035 $a(CONSER)--2001206942 035 $a(EXLCZ)99974746734005 100 $a20001027b20002007 --- a 101 0 $aeng 181 $ctxt$2rdacontent 182 $cc$2rdamedia 183 $acr$2rdacarrier 200 00$aInternational journal of computer processing of oriental languages 210 $aSingapore ;$aHong Kong $cWorld Scientific$d©2000- 215 $a1 online resource 300 $aRefereed/Peer-reviewed 311 08$aPrint version: International journal of computer processing of oriental languages. 0219-4279 (DLC) 2001206942 (OCoLC)45246196 517 3 $aComputer processing of oriental languages 606 $aChinese language$xData processing$vPeriodicals 606 $aOriental languages$xData processing$vPeriodicals 606 $aChinese characters$xData processing$vPeriodicals 606 $aInformation storage and retrieval systems$xChinese language$vPeriodicals 606 $aInformation storage and retrieval systems$xChinese characters$vPeriodicals 606 $aChinois (Langue)$xInformatique$vPériodiques 606 $aLangues orientales$xInformatique$vPériodiques 606 $aChinois (Langue)$xCaractères$xInformatique$vPériodiques 606 $aChinese characters$xData processing$2fast$3(OCoLC)fst00857301 606 $aChinese language$xData processing$2fast$3(OCoLC)fst00857415 606 $aOriental languages$xData processing$2fast$3(OCoLC)fst01048093 608 $aPeriodicals.$2fast 615 0$aChinese language$xData processing 615 0$aOriental languages$xData processing 615 0$aChinese characters$xData processing 615 0$aInformation storage and retrieval systems$xChinese language 615 0$aInformation storage and retrieval systems$xChinese characters 615 6$aChinois (Langue)$xInformatique 615 6$aLangues orientales$xInformatique 615 6$aChinois (Langue)$xCaractères$xInformatique 615 7$aChinese characters$xData processing. 615 7$aChinese language$xData processing. 615 7$aOriental languages$xData processing. 676 $a495.1/0285 676 $a495.0285 712 02$aWorld Scientific (Firm) 906 $aJOURNAL 912 $a9910338732103321 920 $aexl_impl conversion 996 $aInternational journal of computer processing of oriental languages$91955131 997 $aUNINA